De los maras a Los Zetas : los secretos del narcotráfico, de Colombia a Chicago /

Se aborda la guerra que se escenifica en la frontera norte de de México y el sur de Estados Unidos que desde el año de 2005 es resultado de la lucha por el control de los espacios de la comercialización de la droga en su paso para Estados Unidos y su distribución local en Tijuana, Mexicali, ciudad J...

詳細記述

保存先:
書誌詳細
第一著者: Fernández Menéndez, Jorge (autor)
その他の著者: Ronquillo, Víctor (autor) (autor)
フォーマット: 図書
言語:スペイン語
出版事項: México : Debolsillo, 2009, c2006
主題:
タグ: タグ追加
タグなし, このレコードへの初めてのタグを付けませんか!

MARC

LEADER 00000nam^a2200000^a^4500
001 000306082
005 20250521000000.0
009 20260310112807.48
020 |a 978-970-780-697-9 
037 |a Acervo ITESO - Biblioteca 
041 |a ESP 
082 |a 320. 9720712  |b FER 
100 |a Fernández Menéndez, Jorge  |e (autor) 
245 1 0 |a De los maras a Los Zetas :  |b los secretos del narcotráfico, de Colombia a Chicago /  |c J. Fernández Menéndez, V. Ronquillo. 
264 4 |a México :  |b Debolsillo,  |c 2009, c2006 
300 |a 289, 40 p. 
336 |a texto  |b txt  |2 rdacontenido 
337 |a sin mediación  |b n  |2 rdamedio 
338 |a volumen  |b nc  |2 rdasoporte 
520 |a Se aborda la guerra que se escenifica en la frontera norte de de México y el sur de Estados Unidos que desde el año de 2005 es resultado de la lucha por el control de los espacios de la comercialización de la droga en su paso para Estados Unidos y su distribución local en Tijuana, Mexicali, ciudad Juárez, y los estados de Sinaloa y Sonora que son el paso de la droga y la implicación de bandas juveniles y grupos armados lo cual genera violencia en la zona. Además del tráfico ilegal de de gente esta guerra silenciosa esta permeando el poder de las autoridades locales. 
649 |a XX 
650 |a Maras (Bandas) -  |x Tema Principal 
650 |a Narcotraficantes -  |z México 
650 |a Narcotráfico -  |z Colombia 
650 |a Narcotráfico -  |z Los Angeles, EUA 
650 |a Narcotráfico -  |z Chicago, EUA 
650 |a Narcotráfico -  |z México -  |x Tema Principal 
650 |a Narcotráfico -  |x Tema Principal 
650 |a Tráfico de Personas -  |z México (Frontera Norte) 
650 |a Crimen Organizado -  |z México 
650 |a Política -  |z México -  |x Historia -  |y 2006-2012 -  |x Tema Principal 
650 |a Política -  |z México -  |x Historia -  |y Siglo XXI 
700 |a Ronquillo, Víctor  |e (autor) 
910 |a Fondo General 
920 |a Impresos - Libros 
930 |a Colección General 
905 |a 101 
901 |a 0500192103  |b IT1  |c ACC  |i C125627  |u 20250521 
902 |a https://opac.biblio.iteso.mx/vufind/Record/000306082